00812nam a22002057i 4500999001700000003000900017008004100026020002200067040007100089082003000160100003000190245003100220260007900251300003200330500002200362505007000384942001600454945002100470952011500491  c23351d23351AR-CdUCM250811b20172017 pe||||| |||| 00| 0 spa d  a978-612-47327-5-1  aMUNICIPALIDAD PROVINCIAL DEL CUSCOcBIBLIOTECA MUNICIPAL DEL CUSCO  a869.5661 / M2297EbM2297E  aManya Salas, Juan Jesús  aPumallalliq - El Elegido /  aSan Sebastián-Cusco :bSERVICIOS AMERICANOS S.R.C.L. REGESA S.R.L.c2017  a136 páginas. :c21x17 cm.  zpáginas 134-135  aYana K'uychi -- Yawar Mayu -- Yanapanakuy -- Sirpay -- Puma Llali  2ddccLIBROS  apbjrd11-08-2025  002ddc4070aSHbSHcCARTd2025-08-11eDonacióng15.00o869.5661 / M2297EpSH0000017017r2025-08-11yLIBROS